|
|
|
|
| LEADER |
01902nam a2200445 i 4500 |
| 001 |
EBC4696815 |
| 003 |
MiAaPQ |
| 005 |
20200520144314.0 |
| 006 |
m o d | |
| 007 |
cr cnu|||||||| |
| 008 |
161007t20162016sz a ob 001 1 eng d |
| 020 |
|
|
|z 9783319306919
|
| 020 |
|
|
|a 9783319306926 (e-book)
|
| 035 |
|
|
|a (MiAaPQ)EBC4696815
|
| 035 |
|
|
|a (Au-PeEL)EBL4696815
|
| 035 |
|
|
|a (CaPaEBR)ebr11270703
|
| 035 |
|
|
|a (OCoLC)959885151
|
| 040 |
|
|
|a MiAaPQ
|b eng
|e rda
|e pn
|c MiAaPQ
|d MiAaPQ
|
| 043 |
|
|
|a f------
|
| 050 |
|
4 |
|a HC800
|b .A375 2016
|
| 082 |
0 |
|
|a 337.6
|2 23
|
| 245 |
0 |
0 |
|a Africa-to-Africa internationalization :
|b key issues and outcomes /
|c Ifedapo Adeleye, Lyal White, Nathaniel Boso, editors.
|
| 264 |
|
1 |
|a [Cham], Switzerland :
|b Palgrave Macmillan,
|c 2016.
|
| 264 |
|
4 |
|c 2016
|
| 300 |
|
|
|a 1 online resource (289 pages) :
|b illustrations.
|
| 336 |
|
|
|a text
|2 rdacontent
|
| 337 |
|
|
|a computer
|2 rdamedia
|
| 338 |
|
|
|a online resource
|2 rdacarrier
|
| 490 |
0 |
|
|a AIB Sub-Saharan Africa (SSA) Series
|
| 504 |
|
|
|a Includes bibliographical references at the end of each chapters and index.
|
| 588 |
|
|
|a Description based on print version record.
|
| 590 |
|
|
|a Electronic reproduction. Ann Arbor, MI : ProQuest, 2016. Available via World Wide Web. Access may be limited to ProQuest affiliated libraries.
|
| 650 |
|
0 |
|a Globalization
|x Economic aspects
|z Africa.
|
| 655 |
|
4 |
|a Electronic books.
|
| 700 |
1 |
|
|a Adeleye, Ifedapo,
|e editor.
|
| 700 |
1 |
|
|a White, Lyal,
|e editor.
|
| 700 |
1 |
|
|a Boso, Nathaniel,
|e editor.
|
| 776 |
0 |
8 |
|i Print version:
|t Africa-to-Africa internationalization : key issues and outcomes.
|d [Cham], Switzerland : Palgrave Macmillan, c2016
|h xviii, 275 pages
|k AIB Sub-Saharan Africa (SSA) Series
|z 9783319306919
|w 2016949781
|
| 797 |
2 |
|
|a ProQuest (Firm)
|
| 856 |
4 |
0 |
|u https://ebookcentral.proquest.com/lib/matrademy/detail.action?docID=4696815
|z Click to View
|